000 00313nam a2200133Ia 4500
008 191201s2010 xx 000 0 und d
100 _aGUPTA,Shashi,K
245 0 _aFinancial Institutions and Markets
250 _aRep
260 _c2010
_bKalyani
_aN. Delhi
300 _aMISC
650 _aMBA
942 _2ddc
_cBB
999 _c7337
_d7337